| 000 | 00443nab a2200145Ia 4500 | ||
|---|---|---|---|
| 003 | ES-SlBCS | ||
| 005 | 20210601141937.0 | ||
| 008 | 140529s1971 xxu||||| |||| 00| 0 spa d | ||
| 041 | _aspa | ||
| 100 | 1 |
_aWukmir, V. J. _938089 |
|
| 245 | 0 | 0 |
_aProblemática endoantropológica fin de siglo _c V. J. Wukmir |
| 650 | 0 | 4 |
_aPsicología _944875 |
| 773 | 0 |
_tFolia Humanistica _gvol. 9, nº. 97 / 98, 1971, págs. 69-85 / 171-191 _wRev1220 |
|
| 942 | _cAR | ||
| 999 |
_c668959 _d668959 |
||